000 00312nam a22001457a 4500
008 210305b ||||| |||| 00| 0 eng d
020 _a9780205591480
041 _aeng
080 _a070
082 _2070
100 _a39
101 _aMED
245 _aMass Media Revolution
_cSterin,Ch.J
942 _2udc
_cBK
999 _c55807
_d55807